000 00634nas a2200229 4500
001 BR8405069
003 BR-BrBNA
005 20231205090024.0
007 ta
008 230509b bl.|||p| |||| 00| 00por d
040 _aBR-BrBNA
_bpor
_cBiblioteca Nacional de Agricultura
041 _a(Pt)
072 _aH10
100 1 _aLucini, M.A.
245 1 _aAtaque e prevencao do nematoide [alho]
650 _aALHO
650 _aNEMATOIDE
650 _aCONTROLE CULTURAL
773 0 _tGranja (Brazil)
_xISSN 0367-505X
_g(Feb 1984), v. 40(433) p. 44-47
_wBR8405069
909 _a202311
_bLúcia
_c55
_dLúcia Elande
942 _2AGRIS
_n0
_cANA
999 _c115586
_d115586